00453 a2200121 4500020001800000050002000018100002900038245013000067264004700197300001000244500005000254650002700304 a9780199357116 aKZ7162 ZAN.2014 aZawati, Hilmi M.eauthor aFair labelling and the Delimma of Prosecuting gender - based crimes ata the international criminal tribunalscHilmi M. Zawati aNew York :bOxford University Press,c2014 a228p. aIncludes bibliographical references and index aCrimes and prosecuting